| 000 | 00395 a2200109 4500 | ||
|---|---|---|---|
| 001 | ART_23657 | ||
| 005 | 20260410161932.0 | ||
| 008 | 260409a | ||
| 245 | 1 | 0 | _aEl hombre y el destino de los trágicos griegos |
| 100 | 1 | _aLetizia, Francisco | |
| 773 | 0 |
_tRevista de la Facultad de Ciencias Económicas de la Universidad de Cuyo _g- Año XXXI, Nº 79 (ene./jun. 1979) _wREV22981 |
|
| 999 |
_c28701 _d28701 |
||